Amendments required in order to achieve greater responsibility and a more positive role for the quantity surveyor under the JCT contract: report of a research group (Record no. 87722)

MARC details
000 -LEADER
fixed length control field 00665cam a2200205 4500
001 - CONTROL NUMBER
control field D15045
008 - FIXED-LENGTH DATA ELEMENTS--GENERAL INFORMATION
fixed length control field 090401t1978 xxu||||| |||| 00| 0 eng d
035 ## - SYSTEM CONTROL NUMBER
System control number (Sirsi) u19868
041 ## - LANGUAGE CODE
Language code of text/sound track or separate title eng
050 ## - LIBRARY OF CONGRESS CALL NUMBER
Classification number 692.5
110 ## - MAIN ENTRY--CORPORATE NAME
Corporate name or jurisdiction name as entry element Royal Institution of Chartered Surveyors
Subordinate unit Central London Branch
9 (RLIN) 786
245 ## - TITLE STATEMENT
Title Amendments required in order to achieve greater responsibility and a more positive role for the quantity surveyor under the JCT contract: report of a research group
260 ## - PUBLICATION, DISTRIBUTION, ETC.
Date of publication, distribution, etc. 1978
300 ## - PHYSICAL DESCRIPTION
Extent 18p. 30cm
350 ## - PRICE (NR) (BK AM CF MU VM SE) [OBSOLETE]
Price 0
520 ## - SUMMARY, ETC.
Summary, etc. Filed in box RICS 1978/63 AC
710 ## - ADDED ENTRY--CORPORATE NAME
Corporate name or jurisdiction name as entry element Quantity Surveyors Division
942 ## - ADDED ENTRY ELEMENTS (KOHA)
Suppress in OPAC 0
948 ## - LOCAL PROCESSING INFORMATION (OCLC); SERIES PART DESIGNATOR (RLIN)
c (OCLC) 04/03/1997
Holdings
Withdrawn status Lost status Source of classification or shelving scheme Damaged status Not for loan Home library Current library Shelving location Date acquired Total Checkouts Full call number Barcode Date last seen Date last checked out Copy number Price effective from Koha item type
    Other/Generic Classification Scheme     London London RICS Boxes 14/09/1999 2 RICS 1978/63 30005207 06/08/2019 18/10/2005 1 06/08/2019 Book
    Other/Generic Classification Scheme     London London RICS Boxes 09/01/1992   RICS 1978/63 30026365 06/08/2019   2 06/08/2019 Reference material